00360cam a22001097a 4500008004000000082002800040100002500068245003500093260004800128300001100176440006300187180718b1975 xxu||||| |||| 00| 0 eng d aA81x54 In2/71/10/Pt 6 A aCensus of India 1971 aMadhya Pradesh: town directory aDelhibThe Controller of Publicationsc1975 a267+p. aCensus of India 1971. Series-10, Madhya Pradesh. Part VI-A